| 000 | 00782nam0a22002531 4500 | ||
|---|---|---|---|
| 001 | rc\2773035 | ||
| 005 | 20250806201307.0 | ||
| 035 | _a(NLR Aleph) 006899371 | ||
| 090 |
_a18952 _c18952 |
||
| 100 | _a20110915d1941 u y0rusy50 ca | ||
| 101 | 0 | _arus | |
| 102 | _aRU | ||
| 105 | _ay z |||a| | ||
| 200 | 1 |
_aСердце бьется _eРассказы _fБорис Песков |
|
| 210 |
_aВоронеж _cВоронежск. обл. кн-во _d1941 |
||
| 215 |
_a32 с. _d14 см. |
||
| 700 | 1 |
_aПесков _bБ.Г. _f1909-1944 _gБорис Глебович |
|
| 801 | 0 |
_aRU _bNLR _gpsbo |
|
| 801 | 1 |
_aRU _bELAR _2rusmarc |
|
| 852 |
_aNLR _jЛ30 Г-2/238 |
||
| 942 | _cBOOK | ||
| 945 | _aРоссийская национальная библиотека | ||
| 980 | _aNB | ||
| 980 | _aBV | ||